[Event "It (open)"]
[Site "masterchessopen.com Arad (Romania)"]
[Date "2012.07.30"]
[Round "5"]
[White "Jianu Vlad-Cristian (ROM)"]
[Black "Chircu Vadim (MDA)"]
[Result "1-0"]
[WhiteElo "2507"]
[BlackElo "2202"]

1.d4 Nf6 2.c4 g6 3.g3 Bg7 4.Bg2 c6 5.Nf3 d5 6.O-O O-O 7.Nbd2 a5 8.b3 Bf5 9.Bb2
Na6 10.e3 b5 11.Ne5 Rc8 12.g4 Be6 13.g5 Ne8 14.Nxc6 Rxc6 15.cxb5 Rc8 16.bxa6
Nd6 17.Rc1 Rxc1 18.Qxc1 Qb6 19.Qc5 Qxa6 20.Rc1 Qe2 21.Qxa5 Ne4 22.Nxe4 dxe4
23.Ba1 f6 24.gxf6 Bxf6 25.Re1 Qc2 26.Qa6 Bg4 27.Qc4+ Qxc4 28.bxc4 Bh4 29.Rb1
Bxf2+ 30.Kh1 Bxe3 31.Bxe4 Rf2 32.c5 Bf4 33.Bd5+ e6 34.Bg2 Rxa2 35.d5 Bh3
36.Bxh3 Rxh2+ 37.Kg1 Rxh3 38.d6 Rd3 39.Rb8+ Kf7 40.Rb7+ Ke8 41.Kg2 e5 42.Rxh7
Rd5 43.c6 Rxd6 44.Rh8+ Ke7 45.c7 {#r} 1-0

[Event "Ch Europe (seniors)"]
[Site "masterchessopen.com Kaunas (Lithuania)"]
[Date "2012.08.18"]
[Round "1"]
[White "Zhelesny Stanislav (RUS)"]
[Black "Keze Arnis (RUS)"]
[Result "1-0"]
[WhiteElo "2149"]
[BlackElo "1721"]

1.d4 d5 2.Nf3 Nf6 3.g3 g6 4.Bg2 c6 5.O-O Bg7 6.Nbd2 O-O 7.c4 Re8 8.b3 Nbd7
9.Bb2 e6 10.Re1 dxc4 11.Nxc4 c5 12.e4 Qc7 13.e5 Nd5 14.Nd6 Rf8 15.Ng5 cxd4
16.Rc1 Nc3 17.Qxd4 Nxe5 18.Rxc3 Nc6 19.Qxg7+ Kxg7 20.Rxc6+ f6 21.Rxc7+ Kh6
22.Rxh7+ Kxg5 23.h4+ {#r} 1-0

[Event "Ch Europe (juniors) (under 18)"]
[Site "masterchessopen.com Prague (Czech Republic)"]
[Date "2012.08.19"]
[Round "3"]
[White "Schreiner Till (GER)"]
[Black "Swijsen Lars (BEL)"]
[Result "1-0"]
[WhiteElo "2234"]
[BlackElo "2076"]

1.d4 Nf6 2.c4 g6 3.Nf3 Bg7 4.g3 c6 5.Bg2 d5 6.Nbd2 O-O 7.O-O Bf5 8.b3 Qa5
9.Nh4 Be6 10.Bb2 Rd8 11.Qc2 Ne8 12.a3 Bf6 13.Nhf3 Bf5 14.e4 dxe4 15.Nxe4 Bxe4
16.Qxe4 Nd6 17.Qc2 Nd7 18.Rfe1 Nf5 19.Rad1 Rac8 20.h4 Nf8 21.Bh3 e6 22.b4 Qc7
23.d5 Bxb2 24.Qxb2 cxd5 25.cxd5 Qc3 26.Qe2 Rxd5 27.Rxd5 exd5 28.Bxf5 gxf5
29.Rd1 Qc2 30.Qxc2 Rxc2 31.Nd4 Ra2 32.Nxf5 Rxa3 33.Rxd5 Rb3 34.Rb5 b6 35.Ne7+
Kg7 36.Nc6 Ra3 37.Rg5+ Kf6 38.g4 Ra4 39.f3 Ne6 40.Rf5+ Kg7 41.h5 a5 42.bxa5
Nd4 43.Nxd4 Rxd4 44.axb6 Rb4 45.Kg2 Rxb6 46.Kg3 h6 47.Ra5 Rb4 48.Ra6 Rc4
49.Ra3 Rb4 50.Re3 Ra4 51.Re4 Ra6 52.Kf4 Kf6 53.Rd4 Rb6 54.Ke3 Ra6 55.f4 Re6+
56.Kf3 Ra6 57.Ke4 Rb6 58.Rc4 Ra6 59.Kd5 Ra5+ 60.Kd6 Ra6+ 61.Rc6 Ra4 62.Kd5+
Kg7 63.Rc4 Ra6 64.Rc5 Rf6 65.f5 Ra6 66.Rc6 Ra5+ 67.Ke4 Ra4+ 68.Kf3 Ra3+ 69.Kf4
Ra4+ 70.Kg3 Ra3+ 71.Kh4 Rf3 72.Rb6 Rf1 73.Kg3 Rg1+ 74.Kf3 Rf1+ 75.Kg3 Rg1+
76.Kf4 Rf1+ 77.Ke3 Rg1 78.f6+ Kh7 79.Kf4 Rf1+ 80.Ke5 Re1+ 81.Kd5 Rd1+ 82.Ke5
Re1+ 83.Kd6 Re4 84.Kd7 Re5 85.Kd8 Kg8 86.Kd7 Kh7 87.Rd6 Re4 88.Kc7 Rc4+ 89.Kd8
Kg8 90.g5 hxg5 91.Rd5 Rg4 92.Re5 Rg1 93.Ke8 Rg2 94.h6 Kh7 95.Kxf7 Kxh6 96.Kg8
Rf2 97.f7 Kh5 98.Re2 Rf1 99.Re1 Rf2 100.f8=Q Rxf8+ 101.Kxf8 g4 102.Kf7 g3
103.Kf6 Kg4 104.Ke5 Kf3 105.Rf1+ Kg2 106.Rf8 Kh1 107.Kf4 g2 108.Rh8+ Kg1
109.Kg3 Kf1 110.Rf8+ Kg1 111.Ra8 Kh1 112.Rh8+ Kg1 113.Rh2 {#r} 1-0

[Event "Ch Europe (juniors) (under 18)"]
[Site "masterchessopen.com Prague (Czech Republic)"]
[Date "2012.08.21"]
[Round "5"]
[White "Pospisil Martin (CZE)"]
[Black "Krusina Patrik (CZE)"]
[Result "0-1"]
[WhiteElo "2085"]
[BlackElo "1922"]

1.d4 Nf6 2.c4 g6 3.g3 Bg7 4.Bg2 O-O 5.Nf3 c6 6.O-O d5 7.Nbd2 Nbd7 8.Re1 e5
9.dxe5 Ng4 10.cxd5 cxd5 11.Nf1 Nb6 12.Ne3 Re8 13.Nxg4 Bxg4 14.Bf4 Bxf3 15.exf3
Nc4 16.Qd4 g5 17.Bxg5 Qxg5 18.f4 Qd8 19.Qxd5 Qxd5 20.Bxd5 Nxb2 21.Reb1 Rad8
22.Bxf7+ Kxf7 23.Rxb2 b6 24.Rc1 Rd7 25.Rc6 Bf8 26.Kg2 Bc5 27.Kf3 Re6 28.Rxe6
Kxe6 29.Re2 h5 30.h3 Rd3+ 31.Kg2 Rd4 32.g4 Rxf4 33.Kg3 Rc4 34.f4 h4+ 35.Kxh4
Rxf4 36.Kg5 Rf3 37.h4 Be3+ 38.Kh5 Kxe5 39.Rb2 Rf8 40.g5 Kf5 41.Kh6 Rh8+ 42.Kg7
Bd4+ {#R} 0-1

[Event "It (open)"]
[Site "masterchessopen.com Paington (England)"]
[Date "2012.09.05"]
[Round "4"]
[White "Arkell Keith C (ENG)"]
[Black "Dilleigh Steve (ENG)"]
[Result "1-0"]
[WhiteElo "2441"]
[BlackElo "2079"]

1.d4 Nf6 2.c4 g6 3.Nf3 Bg7 4.g3 c6 5.Bg2 d5 6.Nbd2 O-O 7.O-O Bf5 8.b3 a5 9.Bb2
Na6 10.a3 b5 11.Ne5 Qb6 12.Ra2 Rac8 13.e3 Rfd8 14.Qe2 Nd7 15.Nd3 dxc4 16.bxc4
Bxd3 17.Qxd3 Ne5 18.Qc2 Nxc4 19.Nxc4 bxc4 20.Ba1 Qa7 21.Rb2 Rc7 22.Rfb1 Rb8
23.Rxb8+ Nxb8 24.Qxc4 c5 25.dxc5 Bxa1 26.Rxa1 Qxc5 27.Qxc5 Rxc5 28.Rb1 Nc6
29.Bxc6 Rxc6 30.Rb5 Ra6 31.g4 h6 32.Kf1 Kg7 33.Ke2 e6 34.h4 Kf6 35.h5 gxh5
36.Rxh5 Kg6 37.Rb5 f5 38.gxf5+ exf5 39.Kf3 h5 40.Kf4 a4 41.Rxf5 Rc6 42.Rg5+
Kh6 43.Ra5 Rc4+ 44.e4 {#r} 1-0

[Event "Ch Bulgaria (team) (Gr.B)"]
[Site "masterchessopen.com Sunny Beach (Bulgaria)"]
[Date "2012.09.19"]
[Round "1"]
[White "Avramov Anton (BUL)"]
[Black "Yotov Yoto"]
[Result "1-0"]
[WhiteElo "2186"]
[BlackElo "2043"]

1.d4 d5 2.c4 c6 3.Nf3 Nf6 4.g3 g6 5.Bg2 Bg7 6.Nbd2 O-O 7.O-O Nbd7 8.Qc2 Re8
9.Rd1 e6 10.e4 Nxe4 11.Nxe4 dxe4 12.Qxe4 Qe7 13.Ne5 f6 14.Nxd7 Bxd7 15.Bd2
Rad8 16.Bc3 Bc8 17.Qe3 Qc7 18.Rac1 b6 19.b4 Bb7 20.Bb2 f5 21.Qb3 Ba8 22.a4 c5
23.Bxa8 Rxa8 24.dxc5 bxc5 25.Bxg7 Kxg7 26.bxc5 Rad8 27.Qb5 Re7 28.c6 Kf7
29.Qc5 Rc8 30.Rd6 Qb6 31.Qb5 Rec7 32.a5 Qb8 33.Rd7+ Rxd7 34.cxd7 Rd8 35.Qxb8
Rxb8 36.c5 {#r} 1-0

[Event "It \"]
[Site "masterchessopen.com Villandry (France)"]
[Date "2012.10.07"]
[Round "1"]
[White "Fressinet Laurent (FRA)"]
[Black "Bauer Christian (FRA)"]
[Result "1-0"]
[WhiteElo "2702"]
[BlackElo "2664"]

1.d4 Nf6 2.Nf3 g6 3.c4 Bg7 4.g3 c6 5.Bg2 d5 6.Nbd2 O-O 7.O-O Bf5 8.b3 a5 9.Bb2
b5 10.Ne5 Qb6 11.cxd5 cxd5 12.Rc1 Na6 13.e3 Rac8 14.Qe2 Nb4 15.a3 Na2 16.Rxc8
Rxc8 17.e4 dxe4 18.Nxe4 Nxe4 19.Bxe4 Nc3 20.Bxc3 Rxc3 21.Bxf5 gxf5 22.Nd7 Qe6
23.Qxb5 Bxd4 24.Qb8+ Kg7 25.Qf8+ Kg6 26.Qg8+ Kh6 27.Nf8 Bxf2+ 28.Rxf2 Qe1+
29.Kg2 Qe4+ 30.Kh3 Qg4+ 31.Qxg4 fxg4+ 32.Kxg4 Kg7 33.Nd7 Rxb3 {#r} 1-0